Top 290 BBC Shows (IMDB) - Statistics

General Stats
  • This quiz has been taken 223 times
    163 since last reset
  • The average score is 20 of 294
Answer Stats
Show Year(s) IMDB % Correct
Doctor Who 2005-Present 8.6
68%
Doctor Who 1963-1989 8.4
68%
Sherlock 2010-2017 9.1
53%
Fawlty Towers 1975-1979 8.8
48%
Only Fools and Horses 1981-2003 9.0
48%
Blackadder 1983 8.0
44%
Blackadder Goes Forth 1989 8.8
44%
Line of Duty 2012-Present 8.7
42%
The Office 2001-2003 8.5
40%
Luther 2010-2019 8.4
34%
Planet Earth 2006 9.4
34%
Top Gear 2002-Present 8.7
34%
Top Gear 1977-2001 8.4
34%
Life 2009 9.1
33%
Monty Python's Flying Circus 1969-1974 8.8
33%
The Blue Planet 2001 9.0
33%
Happy Valley 2014-Present 8.5
31%
Dad's Army 1968-1977 8.1
29%
Killing Eve 2018-2022 8.2
29%
Match of the Day 1964-Present 8.6
26%
Fleabag 2016-2019 8.7
25%
Peaky Blinders 2013-2022 8.8
25%
Gavin & Stacey 2007-2010 8.1
24%
Call the Midwife 2012-Present 8.5
23%
Red Dwarf 1988-1999 8.4
22%
Life on Mars 2006-2007 8.4
20%
QI 2003-Present 8.6
20%
Ghosts 2019-Present 8.3
19%
Miranda 2009-2015 8.2
19%
The Graham Norton Show 2007-Present 8.4
19%
The Vicar of Dibley 1994-2007 8.0
19%
Absolutely Fabulous 1992-2012 8.2
18%
'Allo 'Allo! 1982-1992 8.4
18%
Frozen Planet 2011 9.0
18%
Horrible Histories 2009-2014, 2015-Present 8.8
18%
Porridge 1974-1977 8.3
18%
Ashes to Ashes 2008-2010 8.2
17%
Extras 2005-2007 8.3
17%
Planet Earth II 2016 9.5
17%
The Young Ones 1982-1984 8.2
17%
MI-5 2002-2011 8.3
16%
Pride and Prejudice 1995 8.8
16%
The Thick of It 2005-2012 8.7
16%
Yes Minister 1980-1984 8.6
16%
Yes, Prime Minister 1986-1988 8.6
16%
Bodyguard 2018 8.1
15%
Outnumbered 2007-2014 8.1
15%
Poldark 2015-2019 8.3
15%
The Fall 2013-2016 8.1
15%
Blackadder II 1986 8.6
14%
The Good Life 1975-1978 8.0
14%
The Great British Baking Show 2010-2016 8.6
14%
The Royle Family 1998-2012 8.2
14%
Are You Being Served? 1972-1985 8.0
13%
I, Claudius 1976 8.8
13%
The Blue Planet II 2017 9.3
13%
Bottom 1991-1995 8.3
12%
Would I Lie to You? 2007-Present 8.2
12%
Life on Earth 1979 9.2
11%
Normal People 2020 8.4
11%
Shaun the Sheep 2007-Present 8.2
11%
The Night Manager 2016 8.1
11%
House of Cards 1990 8.5
10%
Last Tango in Halifax 2012-2020 8.3
10%
Rome 2005-2007 8.7
10%
Shetland 2013-Present 8.2
10%
Blackadder the Third 1987 8.6
9%
Dynasties 2018 9.1
9%
Inside No. 9 2014-Present 8.5
9%
Time 2021-Present 8.2
9%
Tinker Tailor Soldier Spy 1979 8.5
9%
Walking with Dinosaurs 1999 8.5
9%
War & Peace 2016 8.1
9%
Wolf Hall 2015 8.1
9%
Bleak House 2005 8.3
8%
Coupling 2000-2004 8.6
8%
I May Destroy You 2020 8.1
8%
Jonathan Creek 1997-2016 8.2
8%
The League of Gentlemen 1999-2002 8.4
8%
This Country 2017-2020 8.5
8%
Gentleman Jack 2019-Present 8.2
6%
Horizon 1964-Present 8.6
6%
Hustle 2004-2012 8.2
6%
I'm Alan Partridge 1997-2002 8.6
6%
Smiley's People 1982 8.5
6%
Taboo 2017 8.4
6%
The Fast Show 1994-1997 8.2
6%
The Nazis: A Warning from History 1997 8.7
6%
Hancock's Half Hour 1956-1960 8.5
5%
Knowing Me, Knowing You with Alan Partridge 1994 8.2
5%
Little Dorrit 2008 8.2
5%
Our Friends in the North 1996 8.6
5%
Pennies from Heaven 1978 8.4
5%
People Just Do Nothing 2014-2018 8.5
5%
Silk 2011-2014 8.0
5%
Tenko 1981-1985 8.5
5%
The Life of Birds 1998 9.0
5%
The Singing Detective 1986 8.6
5%
A Bit of Fry & Laurie 1989-1995 8.3
4%
Around the World in 80 Days 1989 8.6
4%
As Time Goes By 1992-2005 8.3
4%
Detectorists 2014-2017 8.6
4%
Goodness Gracious Me 1998-2001 8.3
4%
Lark Rise to Candleford 2008-2011 8.2
4%
Look Around You 2002-2005 8.4
4%
Natural World 1983-Present 8.6
4%
Orphan Black 2013-2017 8.3
4%
The Missing 2014-2016 8.2
4%
The Street 2006-2009 8.3
4%
Time Trumpet 2006 8.0
4%
Accused 2010-2012 8.0
3%
All Creatures Great and Small 1978-1990 8.4
3%
Blackpool 2004-2006 8.0
3%
Boys from the Blackstuff 1982 8.6
3%
Human Planet 2011 9.0
3%
Man Like Mobeen 2017-Present 8.0
3%
Mortimer & Whitehouse: Gone Fishing 2018-Present 8.8
3%
Mum 2016-2019 8.2
3%
RuPaul's Drag Race UK 2019-Present 8.4
3%
Sahara with Michael Palin 2002 8.0
3%
That Mitchell and Webb Look 2006-2010 8.0
3%
The Ascent of Man 1973 8.8
3%
The Hollow Crown 2012-2016 8.2
3%
The Last Kingdom 2015-2017 8.5
3%
The Peter Serafinowicz Show 2007-2008 8.0
3%
This Life 1996-1997 8.5
3%
This Time with Alan Partridge 2019-Present 8.0
3%
Who Do You Think You Are? 2004-Present 8.0
3%
Wonders of the Universe 2011 8.8
3%
Auf Wiedersehen, Pet 2002-2004 8.5
2%
Between the Lines 1992-1994 8.1
2%
Blake's 7 1978-1981 8.0
2%
Bodies 2004-2006 8.4
2%
Chef! 1993-1996 8.1
2%
Civilisation 1969 8.7
2%
Cunk on Britain 2016-2018 8.2
2%
Early Doors 2003-2004 8.5
2%
Edge of Darkness 1985 8.3
2%
Fall of Eagles 1974 8.1
2%
Galapagos 2006 8.2
2%
Good Omens 2019-Present 8.0
2%
Later... with Jools Holland 1992-Present 8.2
2%
Life in Cold Blood 2008 9.0
2%
Life in Colour 2021 8.2
2%
Life in the Freezer 1993 8.6
2%
Louis Theroux's Weird Weekends 1998-2000 8.5
2%
Love Soup 2005-2008 8.1
2%
Madagascar 2011 8.5
2%
Nighty Night 2004-2005 8.1
2%
Pole to Pole 1992 8.4
2%
Race Across the World 2019-2020 8.3
2%
Seven Worlds One Planet 2019 9.3
2%
State of Play 2003 8.4
2%
Still Game 2002-2019 8.9
2%
The Day Today 1994 8.6
2%
The Hunt 2015 9.2
2%
The Life of Mammals 2002-2003 9.1
2%
The Planets 1999 8.5
2%
The Trip 2010-2014 8.0
2%
The Young Offenders 2018-Present 8.0
2%
Walking with Monsters 2005 8.2
2%
15 Storeys High 2002-2004 8.2
1%
Beautiful People 2008-2009 8.5
1%
Broken 2017 8.1
1%
Car Share 2015-2018 8.3
1%
Chewin' the Fat 1999-2005 8.1
1%
Connections 1978 9.3
1%
Cradle to Grave 2015 8.0
1%
Funland 2005 8.2
1%
Getting On 2009-2012 8.1
1%
Himalaya with Michael Palin 2004 8.3
1%
How Not to Live Your Life 2007-2011 8.3
1%
Ideal 2005-2011 8.2
1%
Inspector George Gently 2007-2017 8.0
1%
Jekyll 2007 8.0
1%
Last Chance to See 2009 8.2
1%
Life in the Undergrowth 2005 9.0
1%
Messiah 2001 8.0
1%
Mongrels 2010-2011 8.2
1%
North & South 2004 8.6
1%
Once Upon a Time in Iraq 2020 9.0
1%
People Like Us 1999-2001 8.4
1%
Planet Dinosaur 2011 8.1
1%
Ripper Street 2012-2016 8.1
1%
River 2015 8.0
1%
Screenwipe 2006-2020 8.8
1%
Staged 2020-Present 8.5
1%
Stewart Lee's Comedy Vehicle 2009-2016 8.6
1%
Takin' Over the Asylum 1994 8.6
1%
The Box of Delights 1984 8.3
1%
The Goes Wrong Show 2019-Present 8.5
1%
The Great Pottery Throwdown 2015-Present 8.6
1%
The Great War 1964 8.9
1%
The Honourable Woman 2014 8.0
1%
The Hour 2011-2012 8.0
1%
The House of Elliott 1991-1994 8.0
1%
The Morecambe & Wise Show 1968-1977 8.1
1%
The Power of Nightmares 2004 8.8
1%
The Private Life of Plants 1995 9.0
1%
The Six Wives of Henry VIII 1970 8.4
1%
The Trials of Life 1990 9.0
1%
The Tudors 2007-2010 8.1
1%
Absolute Power 2003-2005 8.1
0%
A History of Horror with Mark Gatiss 2010 8.1
0%
A Hitchhiker's Guide to the Galaxy 1981 8.0
0%
All Watched Over by Machines of Loving Grace 2011 8.3
0%
Andrew Marr's History of the World 2012 8.3
0%
Apparitions 2008 8.0
0%
Attenborough: 60 Years in the Wild 2012 8.5
0%
Auschwitz: Inside the Nazi State 2005 8.6
0%
Big Cats 2018 8.4
0%
Brief History of Disbelief 2004 8.2
0%
Can't Get You Out of My Head 2021 8.5
0%
Charlie Brooker's Weekly Wipe 2013-2016 8.6
0%
Colditz 1972-1974 8.3
0%
Come Outside 1993-1997 8.0
0%
Crusades 1995 8.1
0%
Doctor Who Confidential 2005-2011 8.0
0%
Earthflight 2011-2012 8.5
0%
Earth: The Power of the Planet 2007 8.7
0%
Egypt 2005 8.2
0%
Elizabeth R 1971 8.7
0%
Extinction: The Facts 2020 8.5
0%
Fake or Fortune? 2011-Present 8.6
0%
First Life 2010 8.4
0%
Forces of Nature with Brian Cox 2016 8.2
0%
Full Circle with Michael Palin 1997 8.4
0%
Great Barrier Reef 2012 8.3
0%
Great Barrier Reef with David Attenborough 2015-2016 8.6
0%
Hidden Kingdoms 2014 8.0
0%
How Art Made the World 2005 8.2
0%
How the Earth Changed History 2010 8.3
0%
How to Grow a Planet 2012 8.5
0%
How TV Ruined Your Life 2011 8.3
0%
Human Universe 2014 8.6
0%
Hyperspace 2001 8.4
0%
James May's Cars of the People 2014-2016 8.4
0%
James May: The Reassembler 2016-2017 8.3
0%
Japan: Earth's Enchanted Islands 2015 8.1
0%
Jonathan Strange & Mr Norrell 2015 8.1
0%
Let Them Eat Cake 1999 8.2
0%
Life Story 2014 9.0
0%
Limmy's Show! 2010-2013 8.3
0%
Long Way Down 2007 8.3
0%
Lost Worlds, Vanished Lives 1989 8.4
0%
Martin Chuzzlewit 1994 8.1
0%
Medieval Lives 2004 8.3
0%
Monkey Dust 2003-2005 8.5
0%
Moomin 1990-1991 8.3
0%
My Life in Film 2004 8.4
0%
Nature's Most Amazing Events 2009 9.0
0%
Our Zoo 2014 8.1
0%
Posh Nosh 2003 8.9
0%
Quatermass and the Pit 1958-1959 8.0
0%
Richard Hammond's Invisible Worlds 2010 8.1
0%
Rise of Animals: Triumph of the Vertebrates 2013 8.5
0%
Rise of the Nazis 2019 8.0
0%
Sarah & Duck 2013-2017 8.3
0%
Seven Ages of Rock 2007 8.3
0%
Simon Schama's Power of Art 2006 8.5
0%
Space Race 2005 8.4
0%
State of the Planet 2000 8.4
0%
Survivors 1975-1977 8.0
0%
The Animals of Farthing Wood 1993-1995 8.3
0%
The Barchester Chronicles 1982 8.1
0%
The Century of the Self 2002 8.8
0%
The Crow Road 1996 8.2
0%
The Death of Yugoslavia 1985-1986 8.5
0%
The Forsyte Saga 1969-1970 8.5
0%
The Human Body 1998 8.6
0%
The Impressionists 2006-2007 8.1
0%
The Incredible Human Journey 2009 8.2
0%
The Living Planet 1984 9.0
0%
The Real Hustle 2006-2012 8.0
0%
There She Goes 2018-Present 8.0
0%
The Shadow Line 2011 8.0
0%
The Story of Maths 2008 8.0
0%
The Story of Science 2010 8.2
0%
The Supersizers Go... 2007-2009 8.8
0%
The Trap: What Happened to Our Dream of Freedom 2007 8.5
0%
The World of Peter Rabbit and Friends 1992-1998 8.4
0%
This Is Going to Hurt 2022 8.4
0%
Three Girls 2017 8.1
0%
To Play the King 1993 8.3
0%
Toy Stories 2009 8.1
0%
Victorian Farm 2009 8.7
0%
Walking with Prehistoric Beasts 2001 8.3
0%
Wild Arabia 2013 8.0
0%
Wild China 2008 8.4
0%
Wild Pacific 2009 8.7
0%
Wonders of Life 2013 8.5
0%
Wonders of the Solar System 2011 8.8
0%
Years and Years 2019 8.3
0%
Yellowstone 2009 8.4
0%
No matching quizzes found
Score Distribution
Percent of People with Each Score
Percentile by Number Answered
Your Score History
You have not taken this quiz since the last reset